| 000 | 00438nam a2200145 a 4500 | ||
|---|---|---|---|
| 001 | 000038388 | ||
| 005 | 20201002031238.0 | ||
| 008 | 130410s1966 dr ac 000 0 spa d | ||
| 040 |
_aDO-SdBNP _bspa _cBNPHU |
||
| 100 | 1 |
_aMeléndez, Dario _953469 |
|
| 245 | 1 | 0 |
_aOrganización del trabajo / _cDario Meléndez. |
| 260 |
_aSanto Domingo : _bEditora la Nacional, _c1966. |
||
| 300 |
_a229 p. : _bil., retrs ; _c21 cm. |
||
| 500 | _aIncluye índice | ||
| 999 |
_c37878 _d37878 |
||